00750nam a2200169Ia 4500001001000000003000500010008004100015010001100056040000900067100004100076245019100117260003500308300001000343502010900353650006500462710005300527Para_2842CHAP220125s1988 xx 000 0 und d a201338 cCHAP aVillalba Carreño, Gerardo Venancio aDescripción de los estados inmaduros de una nueva especie de tábano (Hexapoda :b Diptera), colectada en Tepecoacuilco, Guerrero, México /c por Gerardo Venacio Villalba Carreño aChapingo, Méx. :b El autor a47 p. aTesis (Ing. Agr. Esp. en Parasitología Agrícola) -- UACh. Departamento de Parasitología Agrícola aTábano Estado inmaduros de una nueva especie de tábano aUACh. Departamento de Parasitología Agrícola